All Managers of 'The Premier League Big Six' Since 2000. - Statistics

General Stats
  • This quiz has been taken 192 times
    175 since last reset
  • The average score is 28 of 51
Answer Stats
Club Manager Years Managed % Correct
Arsenal Arsene Wenger Before 2000-2018
98%
Chelsea José Mourinho 2004-2007
94%
Chelsea José Mourinho 2013-2015
94%
Manchester United José Mourinho 2016- (Present)
94%
Manchester United Sir Alex Ferguson Before 2000-2013
94%
Liverpool Jürgen Klopp 2015- (Present)
91%
Manchester City Pep Guardiola 2016- (Present)
89%
Manchester United David Moyes 2013-2014
85%
Chelsea Rafael Benítez 2012-2013
85%
Liverpool Rafael Benítez 2004-2010
85%
Manchester United Louis van Gaal 2014-2016
84%
Chelsea Antonio Conte 2016-2018
82%
Manchester City Roberto Mancini 2009-2013
81%
Tottenham Hotspur Mauricio Pochettino 2014- (Present)
79%
Arsenal Unai Emery 2018- (Present)
79%
Manchester City Manuel Pellegrini 2013-2016
78%
Chelsea Carlo Ancelotti 2009-2011
71%
Liverpool Brendan Rodgers 2012-2015
70%
Chelsea Roberto Di Matteo 2012
68%
Manchester United Ryan Giggs 2014
67%
Chelsea André Villas-Boas 2011-2012
61%
Tottenham Hotspur André Villas-Boas 2012-2013
61%
Chelsea Claudio Ranieri 2000-2004
61%
Chelsea Guus Hiddink 2009
61%
Chelsea Guus Hiddink 2015-2016
61%
Tottenham Hotspur Harry Redknapp 2008-2012
61%
Liverpool Kenny Dalglish 2011-2012
61%
Chelsea Maurizio Sarri 2018- (Present)
60%
Liverpool Roy Hodgson 2010-2011
55%
Chelsea Avram Grant 2007-2008
54%
Manchester City Mark Hughes 2008-2009
54%
Liverpool Gérard Houllier Before 2000-2004
45%
Chelsea Luiz Felipe Scolari 2008-2009
44%
Tottenham Hotspur Tim Sherwood 2013-2014
40%
Chelsea Gianluca Vialli Before 2000-
37%
Tottenham Hotspur Glenn Hoddle 2001-2003
37%
Manchester City Kevin Keegan 2001-2005
34%
Tottenham Hotspur Martin Jol 2004-2007
33%
Manchester City Sven-Göran Eriksson 2007-2008
32%
Tottenham Hotspur Juande Ramos 2007-2008
31%
Manchester City Stuart Pearce 2005-2007
26%
Tottenham Hotspur George Graham Before 2000-2001
23%
Manchester City Joe Royle Before 2000-2001
15%
Manchester City Brian Kidd 2013
14%
Tottenham Hotspur Jacques Santini 2004
12%
Tottenham Hotspur David Pleat 2001
11%
Tottenham Hotspur David Pleat 2003-2004
11%
Chelsea Ray Wilkins 2009
11%
Chelsea Graham Rix 2000
6%
Tottenham Hotspur Chris Hughton 2003-2004
5%
Chelsea Steve Holland 2015
4%
No matching quizzes found
Score Distribution
Percent of People with Each Score
Percentile by Number Answered
Your Score History
You have not taken this quiz since the last reset